000 007790000a22002410004500
003 LK-CoMWRAF
005 20231120154033.0
008 230817t2006 ||||| |||| 00| 0 eng d
020 _a9551358058
040 _aLK-CoMWRAF
_dLK-CoMWRAF
_eLK-CoMWRAF
041 _aeng
082 _a303.6
_bNEG
245 _aNegotiating peace in Sri Lanka :
_befforts, failures & lessons
260 _aColombo:
_bThe Foundation for Co-Existence,
_c2006
300 _alxvii, 471 p. : ill. ; 23 cm.
_bGlossary included
490 _aVolume
_vTwo
650 _aEthnic conflict--Sri Lanka.
650 _aConflict management--Sri Lanka
650 _aPeace-building--Sri Lanka
650 _aTamil (Indic people)--Sri Lanka--Ethnic identity.
700 _aRupesinghe, Kumar
_eed.
942 _cBK
999 _c1472
_d1472